Logo BPK

Biblioteka

Politechniki Koszalińskiej

Teoria mnogości : (Rekord nr 18132)

Szczegóły MARC
000 -ETYKIETA REKORDU
podpole kontrolne o stałej długości 00442nam a2200157 i 4500
001 - NUMER KONTROLNY REKORDU
pole kontrolne bg
040 ## - ŹRÓDŁO KATALOGOWANIA
Instytucja, która utworzyła rekord BPK
041 ## - KOD JĘZYKA
Kod języka tekstu pol
008 - POLE O STAŁEJ DŁUGOŚCI - DANE KONTROLNE
podpole kontrolne o stałej długości s pl f |000 0 pol
100 1# - NAZWA OSOBOWA
Nazwa osobowa KURATOWSKI, Kazimierz.
245 #0 - TYTUŁ/ODPOWIEDZIALNOŚĆ
Tytuł Teoria mnogości :
Ciąg dalszy tytułu wraz ze wstępem do opisowej teorii mnogości /
Pozostałe elementy strefy tytułu i oznaczenia odpowiedzialności Kazimierz Kuratowski, Andrzej Mostowski.
250 ## - STREFA WYDANIA
Oznaczenie wydania Wyd.3 zm.
260 ## - STREFA ADRESU WYDAWNICZEGO
Miejsce wydania Warszawa,
Data publikacji, dystrybucji/powstania dokumentu 1978.
700 1# - HASŁO DODATKOWE - NAZWA OSOBOWA
Nazwa osobowa MOSTOWSKI, Andrzej.
856 ## - LOKALIZACJA I DOSTĘP DO ELEKTRONICZNYCH DOKUMENTÓW ZDALNYCH
Link (URL) http://koha.tu.koszalin.pl/cgi-bin/koha/opac-detail.pl?biblionumber=18132
Tekst linku Katalog online BPK
942 ## - DODATKOWE ELEMENTY (KOHA)
Typ dokumentu Książka
Egzemplarze
Wycofany Status egzemplarza Uszkodzony Dostępność Lokalizacja stała Lokalizacja bieżąca Miejsce przechowywania Sygnatura Kod kreskowy Typ dokumentu
      Dostępny Biblioteka Politechniki Koszalińskiej Biblioteka Politechniki Koszalińskiej Wypożyczalnia BG 23967 02137308 Książka
      Dostępny Biblioteka Politechniki Koszalińskiej Biblioteka Politechniki Koszalińskiej Wypożyczalnia BG 23968 01660333 Książka
      Dostępny Biblioteka Politechniki Koszalińskiej Biblioteka Politechniki Koszalińskiej Wypożyczalnia BG 23968/L 01216912 Książka
© 2023 Biblioteka Politechniki Koszalińskiej :: KOHA